Chargement en cours...

Advances in knowledge representation, logic programming and abstract argumentation

Détails bibliographiques
Auteur principal: Eiter, Thomas,Ed
Format: Printed Book
Publié: New York Springer 2015
LEADER 00419nam a22001097a 4500
082 |a 006.3  |b EIT.A 
100 |a Eiter, Thomas,Ed. 
245 |a Advances in knowledge representation, logic programming and abstract argumentation  
260 |a New York  |b Springer   |c 2015 
942 |c BK 
999 |c 15114  |d 15114 
952 |0 0  |1 0  |4 0  |6 006_300000000000000_EIT_A  |7 0  |9 17407  |a CAMPUS  |b CAMPUS  |d 2017-08-14  |l 0  |o 006.3 EIT.A  |p 23584  |r 2017-08-14  |w 2017-08-14  |y BK